• 首页
  • 本馆介绍
  • 公告通知
  • 最新文献
  • 馆藏检索
  • 电子资源
  • 读者导购
  • 参考咨询
  • 我的图书馆
  • 登录
  • 详细信息显示
  • 放入我的书架
  • 预约/预借图书
  • 作者相关作品
  • 分类相关作品
  • 丛书相关作品
  • 出版社相关作品

书目信息

  • 表格格式
  • 工作单格式
  • 卡片格式
题名:
论科学技术是第一生产力
    
 
作者: ;本书编写组 编
分册:  
出版信息: 北京   中共中央党校出版社  1991
页数: 228页
开本: 19cm
丛书名:
单 册:
中图分类: F014.1 , G322.0
科图分类:
主题词: 科学技术--关系--生产力--文集
电子资源:
ISBN: 978-7-5035-0480-8
000 00708nam0 2200229 450
001 0100374628
005 20100728162548.0
010    @a978-7-5035-0480-8@dCNY3.80
100    @a20021005d1991 em y0chiy0110 ea
101 0  @achi
102    @aCN@b110000
105    @ay z 000yy
106    @ar
200 1  @a论科学技术是第一生产力@9Lun Ke Xue Ji Shu;Zhu Shi Di Yi Sheng Chan Li @f《论科学技术是第一生产力》编写组编@b专著
210    @a北京@c中共中央党校出版社@d1991
215    @a228页@d19cm
606 0  @a科学技术@x关系@x生产力@x文集
690    @aF014.1@v3
690    @aG322.0@v3
711 02 @a本书编写组@9ben shu bian xie zu@4编
801  0 @aCN@bAiZhiMarc@c19920527
905    @aBZT@dF014.1@e16@f2@sF014.1/16
    
    论科学技术是第一生产力/《论科学技术是第一生产力》编写组编.-北京:中共中央党校出版社,1991
    228页;19cm
    
    
    ISBN 978-7-5035-0480-8:CNY3.80
    
●
相关链接 在五车中查询图书 在当当中查询图书 在豆瓣中查询图书


正题名:论科学技术是第一生产力     索取号:F014.1/16         预约/预借

序号 登录号 条形码 馆藏地/架位号 状态 备注
1 2000115306   2000115306   旧书回溯/ [索取号:F014.1/16] 在馆    
2 2000115307   2000115307   旧书回溯/ [索取号:F014.1/16] 在馆    
山东省滨州职业学院图书馆 欢迎您!
大连网信软件有限公司© 版权所有